[Event "IECG TE.2003.S.01202 email"]
[Site "IECG email"]
[Date "2005.04.25"]
[Round "?"]
[White "Smilovici, Emil"]
[Black "Malmstroem, Jan"]
[Result "1-0"]
[WhiteElo "1953"]
[BlackElo "1965"]
[PlyCount "105"]
[EventDate "2005.04.25"]
[EventType "tourn (corr)"]
[EventRounds "12"]
[SourceTitle "Corr 2008"]
[Source "ChessBase"]
[SourceDate "2008.06.24"]
[SourceVersion "1"]
[SourceVersionDate "2008.06.24"]
[SourceQuality "1"]

1. e4 d5 2. exd5 Qxd5 3. Nc3 Qd6 4. d4 Nf6 5. Nf3 a6 6. Bd3 Nc6 7. 0-0 Bg4 8. Ne4 Nxe4 9. Bxe4 e6 10. c3 f5 11. Bc2 0-0-0 12. h3 Bh5 13. b4 Kb8 14. a4 e5 15. Bxf5 exd4 16. b5 Ne5 17. g4 dxc3 18. Qe2 Nxf3+ 19. Qxf3 Bg6 20. Bf4 Qd5 21. Qxc3 Qc5 22. Qf3 Bxf5 23. Rfc1 Rd3 24. Qg2 Qd5 25. Bxc7+ Ka8 26. gxf5 Bc5 27. bxa6 Qxg2+ 28. Kxg2 Rd5 29. Rd1 Rxf5 30. axb7+ Kxb7 31. Bg3 Ka6 32. Ra2 Re8 33. Rad2 Re4 34. Rd5 Rxd5 35. Rxd5 Bb6 36. Rd7 g5 37. Rxh7 Rxa4 38. Rg7 Bd8 39. Rd7 Bb6 40. Kf3 Rb4 41. Rd5 Rb5 42. Rxb5 Kxb5 43. Kg4 Bd8 44. Be5 Kc6 45. Kf5 Kd7 46. Bf6 Bb6 47. f3 Ke8 48. Kg6 Kf8 49. Bxg5 Bd4 50. h4 Kg8 51. h5 Bb2 52. h6 Kf8 53. h7 1-0

[Event "IECG TE.2003.S.01202 email"]
[Site "IECG email"]
[Date "2005.04.25"]
[Round "?"]
[White "Smilovici, Emil"]
[Black "Vasquez, Juan Carlos"]
[Result "1/2-1/2"]
[WhiteElo "1953"]
[BlackElo "1491"]
[PlyCount "66"]
[EventDate "2005.04.25"]
[EventType "tourn (corr)"]
[EventRounds "12"]
[SourceTitle "Corr 2008"]
[Source "ChessBase"]
[SourceDate "2008.06.24"]
[SourceVersion "1"]
[SourceVersionDate "2008.06.24"]
[SourceQuality "1"]

1. e4 d5 2. exd5 Qxd5 3. Nc3 Qd6 4. d4 Nf6 5. Nf3 a6 6. Bd3 Bg4 7. h3 Bh5 8. Ne4 Qb6 9. Ng3 Bg6 10. 0-0 e6 11. Ne5 Nbd7 12. Nxg6 hxg6 13. c3 c5 14. dxc5 Nxc5 15. Bc2 Bd6 16. Qf3 Rc8 17. Rd1 Qc6 18. Qxc6+ Rxc6 19. Ne2 Nd5 20. Nd4 Rc8 21. Bg5 b5 22. Nf3 Be7 23. Bxe7 Kxe7 24. Rd4 Rhd8 25. Rad1 Nb6 26. Ne5 Ncd7 27. Nxd7 Rxd7 28. Bb3 a5 29. a3 Rxd4 30. Rxd4 g5 31. Kf1 f6 32. Ke2 a4 33. Ba2 Nc4 1/2-1/2

[Event "IECG TE.2003.S.01202 email"]
[Site "IECG email"]
[Date "2005.04.25"]
[Round "?"]
[White "Smilovici, Emil"]
[Black "Wurm, Tamas"]
[Result "1-0"]
[WhiteElo "1953"]
[BlackElo "1155"]
[PlyCount "67"]
[EventDate "2005.04.25"]
[EventType "tourn (corr)"]
[EventRounds "12"]
[SourceTitle "Corr 2008"]
[Source "ChessBase"]
[SourceDate "2008.06.24"]
[SourceVersion "1"]
[SourceVersionDate "2008.06.24"]
[SourceQuality "1"]

1. e4 d5 2. exd5 Qxd5 3. Nc3 Qd6 4. d4 Nf6 5. Nf3 a6 6. Bd3 Bg4 7. h3 Bh5 8. Ne4 Nxe4 9. Bxe4 c6 10. c3 Bg6 11. Qb3 b5 12. Qc2 Bxe4 13. Qxe4 g6 14. Bf4 Qd7 15. Bxb8 Rxb8 16. Qe5 Qe6 17. Qxe6 fxe6 18. 0-0 Bh6 19. Rfe1 Rc8 20. Rxe6 Kd7 21. Rae1 Rhe8 22. R6e4 Bg7 23. Ng5 h6 24. Ne6 Bf6 25. Nc5+ Kd6 26. Nxa6 Ra8 27. Re6+ Kd7 28. Nc5+ Kc7 29. a3 Rad8 30. f4 Rd6 31. g4 Bh4 32. Rxd6 Kxd6 33. Re6+ Kc7 34. Rxg6 1-0

[Event "IECG TE.2004.P.01609 email"]
[Site "IECG email"]
[Date "2004.09.22"]
[Round "?"]
[White "Pramanik, Projjwal"]
[Black "Smilovici, Emil"]
[Result "0-1"]
[WhiteElo "1822"]
[BlackElo "1930"]
[PlyCount "50"]
[EventDate "2004.09.22"]
[EventType "tourn (corr)"]
[EventRounds "8"]
[SourceTitle "Corr 2008"]
[Source "ChessBase"]
[SourceDate "2008.06.24"]
[SourceVersion "1"]
[SourceVersionDate "2008.06.24"]
[SourceQuality "1"]

1. e4 c6 2. d4 d5 3. e5 Bf5 4. Nf3 e6 5. Bd3 Ne7 6. 0-0 Bxd3 7. Qxd3 Nd7 8. Nc3 Nf5 9. Bd2 Be7 10. g4 Nh4 11. Nxh4 Bxh4 12. f4 Qc7 13. f5 g5 14. Na4 0-0-0 15. fxe6 fxe6 16. c4 dxc4 17. Qxc4 b5 18. Qxe6 Rhe8 19. Qf5 bxa4 20. Rac1 Rf8 21. Qxh7 Nb6 22. Qe4 Rxf1+ 23. Rxf1 Nd5 24. Qf5+ Kb8 25. Bxg5 Ne7 0-1

[Event "IECG TE.2004.P.01609 email"]
[Site "IECG email"]
[Date "2004.09.22"]
[Round "?"]
[White "Smilovici, Emil"]
[Black "Baroin, Bernard"]
[Result "1-0"]
[WhiteElo "1930"]
[BlackElo "2000"]
[PlyCount "25"]
[EventDate "2004.09.22"]
[EventType "tourn (corr)"]
[EventRounds "8"]
[SourceTitle "Corr 2008"]
[Source "ChessBase"]
[SourceDate "2008.06.24"]
[SourceVersion "1"]
[SourceVersionDate "2008.06.24"]
[SourceQuality "1"]

1. e4 c6 2. d4 d5 3. e5 Bf5 4. Nf3 e6 5. Be2 c5 6. Be3 Nd7 7. 0-0 Ne7 8. c4 dxc4 9. Na3 Nd5 10. Nxc4 b5 11. Nd6+ Bxd6 12. exd6 Qc7 13. dxc7 1-0

[Event "IECG TE.2004.P.01609 email"]
[Site "IECG email"]
[Date "2004.09.22"]
[Round "?"]
[White "Smilovici, Emil"]
[Black "Bautista, Miel"]
[Result "1-0"]
[WhiteElo "1930"]
[BlackElo "800"]
[PlyCount "21"]
[EventDate "2004.09.22"]
[EventType "tourn (corr)"]
[EventRounds "8"]
[SourceTitle "Corr 2008"]
[Source "ChessBase"]
[SourceDate "2008.06.24"]
[SourceVersion "1"]
[SourceVersionDate "2008.06.24"]
[SourceQuality "1"]

1. e4 c6 2. d4 d5 3. e5 Bf5 4. Nf3 e6 5. Be2 c5 6. Be3 Qb6 7. Nc3 Qxb2 8. Nb5 Na6 9. dxc5 Bxc5 10. Bxc5 Nxc5 11. Rb1 1-0

[Event "IECG TE.2004.P.01511 email"]
[Site "IECG email"]
[Date "2004.06.17"]
[Round "?"]
[White "Sardi, Anibal"]
[Black "Smilovici, Emil"]
[Result "0-1"]
[WhiteElo "2016"]
[BlackElo "1927"]
[PlyCount "30"]
[EventDate "2004.06.17"]
[EventType "tourn (corr)"]
[EventRounds "12"]
[SourceTitle "Corr 2024"]
[Source "ChessBase"]
[SourceDate "2023.10.19"]
[SourceVersion "1"]
[SourceVersionDate "2023.10.19"]
[SourceQuality "1"]

1. e4 e6 2. d4 d5 3. Nc3 Nf6 4. Bg5 Bb4 5. e5 h6 6. Bd2 Bxc3 7. bxc3 Ne4 8. Qg4 g6 9. Bd3 Nxd2 10. Kxd2 c5 11. Nf3 Nc6 12. Rhb1 c4 13. Be2 b6 14. h4 Bd7 15. a4 Qe7 0-1

[Event "IECG TE.2004.P.01511 email"]
[Site "IECG email"]
[Date "2004.06.17"]
[Round "?"]
[White "Smilovici, Emil"]
[Black "Recio, Luis"]
[Result "1-0"]
[WhiteElo "1927"]
[BlackElo "1540"]
[PlyCount "55"]
[EventDate "2004.06.17"]
[EventType "tourn (corr)"]
[EventRounds "12"]
[SourceTitle "Corr 2024"]
[Source "ChessBase"]
[SourceDate "2023.10.19"]
[SourceVersion "1"]
[SourceVersionDate "2023.10.19"]
[SourceQuality "1"]

1. e4 e6 2. d4 d5 3. Nc3 Nf6 4. Bg5 Bb4 5. e5 h6 6. Be3 Ne4 7. Nge2 c5 8. dxc5 Nc6 9. a3 Bxc3+ 10. Nxc3 Nxc3 11. bxc3 Nxe5 12. Bd4 Qg5 13. h4 Qf5 14. Be2 0-0 15. 0-0 Nc6 16. f4 Nxd4 17. cxd4 Bd7 18. g4 Qg6 19. Rf2 Qf6 20. g5 Qe7 21. Rg2 h5 22. Bxh5 b6 23. cxb6 axb6 24. Qc1 Rfc8 25. Qe3 Ra4 26. f5 Rac4 27. f6 Qd6 28. g6 1-0

[Event "IECG TE.2004.P.01511 email"]
[Site "IECG email"]
[Date "2004.06.17"]
[Round "?"]
[White "Smilovici, Emil"]
[Black "Sardi, Anibal"]
[Result "1-0"]
[WhiteElo "1927"]
[BlackElo "2016"]
[PlyCount "31"]
[EventDate "2004.06.17"]
[EventType "tourn (corr)"]
[EventRounds "12"]
[SourceTitle "Corr 2024"]
[Source "ChessBase"]
[SourceDate "2023.10.19"]
[SourceVersion "1"]
[SourceVersionDate "2023.10.19"]
[SourceQuality "1"]

1. e4 e6 2. d4 d5 3. Nc3 Nf6 4. Bg5 Bb4 5. exd5 Qxd5 6. Bxf6 Bxc3+ 7. bxc3 gxf6 8. Qg4 Bd7 9. Qg7 Rf8 10. Qxf6 Ba4 11. Qf4 Qa5 12. Qd2 Nc6 13. Bd3 0-0-0 14. f4 f6 15. Nf3 e5 16. 0-0 1-0

[Event "IECG TE.2004.P.01511 email"]
[Site "IECG email"]
[Date "2004.06.17"]
[Round "?"]
[White "Vasquez, Fernando"]
[Black "Smilovici, Emil"]
[Result "0-1"]
[WhiteElo "1000"]
[BlackElo "1927"]
[PlyCount "20"]
[EventDate "2004.06.17"]
[EventType "tourn (corr)"]
[EventRounds "12"]
[SourceTitle "Corr 2024"]
[Source "ChessBase"]
[SourceDate "2023.10.19"]
[SourceVersion "1"]
[SourceVersionDate "2023.10.19"]
[SourceQuality "1"]

1. e4 e6 2. d4 d5 3. Nc3 Nf6 4. Bg5 Bb4 5. e5 h6 6. Bd2 Bxc3 7. bxc3 Ne4 8. Qg4 g6 9. Qf4 c5 10. Bd3 Nxd2 0-1